|
|
|
|
| LEADER |
02705nam a2200493 i 4500 |
| 001 |
nkc20213345198 |
| 003 |
CZ PrNK |
| 005 |
20220314142505.0 |
| 007 |
ta |
| 008 |
211116s2021 xr g 000 f cze |
| 015 |
|
|
|a cnb003345198
|
| 020 |
|
|
|a 978-80-242-7699-1
|q (vázáno) :
|c Kč 299,00
|
| 035 |
|
|
|a (OCoLC)1302727460
|
| 040 |
|
|
|a ABG001
|b cze
|d ABA001
|e rda
|
| 041 |
1 |
|
|a cze
|h eng
|
| 072 |
|
7 |
|a 821.111(73)-3
|x Americká próza
|2 Konspekt
|9 25
|
| 080 |
|
|
|a 821.111(73)-31
|2 MRF
|
| 080 |
|
|
|a (0:82-312.4)
|2 MRF
|
| 100 |
1 |
|
|a Gerritsen, Tess,
|d 1953-
|7 xx0004638
|4 aut
|
| 240 |
1 |
0 |
|a Die again.
|l Česky
|
| 245 |
1 |
0 |
|a Umři znovu /
|c Tess Gerritsenová ; přeložila Ludmila Hanzlíková
|
| 250 |
|
|
|a Vydání druhé
|
| 264 |
|
1 |
|a Praha :
|b Euromedia Group,
|c 2021
|
| 300 |
|
|
|a 286 stran ;
|c 21 cm
|
| 336 |
|
|
|a text
|b txt
|2 rdacontent
|
| 337 |
|
|
|a bez média
|b n
|2 rdamedia
|
| 338 |
|
|
|a svazek
|b nc
|2 rdacarrier
|
| 500 |
|
|
|a Přeloženo z angličtiny
|
| 500 |
|
|
|a Na obálce uveden nakladatel: Kalibr
|
| 520 |
|
|
|a Další příběh z cyklu kriminálních thrillerů s hlavními hrdinkami soudní lékařkou Maurou Islesovou a její přítelkyní Jane Rizzoliovou z bostonského oddělení vražd.
|b Rizzoliová a Islesová už viděly ledaco. Ale mrtvola, která vypadá jako po zuřivém napadení divokou šelmou? Navíc když je zřejmé, že vraždu má na svědomí jiná lidská bytost? Leon Gott byl proslulý vycpávač zvěře. Teď se však sám stal něčím úlovkem. Probudil snad Leon predátora mnohem nebezpečnějšího, než byli ti, jejichž trofeje mu visí na stěnách? Doktorka Islesová tuší, že tato vražda není ojedinělá a že souvisí se staršími případy. Jen o tom musí přesvědčit své kolegy. A najít důkaz. Pátrání ji s detektivem Rizzoliovou zavede do Botswany, kde měl před sedmi lety za děsivých okolností zemřít Gottův syn. Začíná to vypadat, že dravec, který řádil tehdy v Africe, změnil teritorium. Bude třeba vylákat ho ze skrýše, nastražit past - a použít živou návnadu. Nakladatelská anotace.
|
| 655 |
|
7 |
|a americké romány
|7 fd131796
|2 czenas
|
| 655 |
|
7 |
|a detektivní romány
|7 fd132010
|2 czenas
|
| 655 |
|
9 |
|a American fiction
|2 eczenas
|
| 655 |
|
9 |
|a detective novels
|2 eczenas
|
| 700 |
1 |
|
|a Hanzlíková, Ludmila,
|d 1942-
|7 jn19981001413
|4 trl
|
| 787 |
0 |
8 |
|i Z cyklu:
|t Jane Rizzoliová a Maura Islesová
|g 11
|
| 910 |
2 |
|
|a BOA001
|b 2-1479.372
|
| 920 |
|
|
|a 4621627
|z ABG001
|
| 928 |
9 |
|
|a Euromedia Group - Kalibr
|
| 928 |
9 |
|
|a Kalibr
|
| 990 |
|
|
|a BK
|
| 995 |
|
|
|a 01
|
| 991 |
|
|
|b 202202
|c NOV
|
| 996 |
6 |
|
|b 2610890867
|c 2-1479.372
|l MZK
|r Sklad / do 1 hodiny
|n 0
|p p.v.
|w 001874304
|u 000010
|a 1
|e BOA001
|j MZK50
|s P
|